Statistics for Groups of Countries By Official Language

Click here to take the quiz!

General Stats

  • This quiz has been taken 3,145 times
    (3,115 since last reset)
  • The average score is 27 of 35

Answer Stats

LanguageCountry% Correct
ChineseChina
99%
GermanGermany
97%
PortuguesePortugal
97%
SwedishSweden
97%
PortugueseBrazil
96%
DutchNetherlands
96%
SerbianSerbia
96%
TurkishTurkey
96%
ItalianItaly
95%
MalayMalaysia
93%
German, ItalianSwitzerland
92%
GermanAustria
90%
Dutch, GermanBelgium
89%
Malay, ChineseSingapore
86%
ChineseTaiwan
86%
SwedishFinland
85%
SerbianBosnia and Herzegovina
82%
ItalianVatican City
82%
ItalianSan Marino
80%
GermanLuxembourg
79%
SerbianKosovo
77%
TurkishCyprus
75%
SwahiliKenya
74%
GermanLiechtenstein
69%
SwahiliTanzania
69%
PortugueseAngola
65%
MalayBrunei
65%
SwahiliUganda
62%
DutchSuriname
61%
PortugueseMozambique
60%
PortugueseSao Tome and Principe
53%
PortugueseCape Verde
52%
PortugueseEast Timor
50%
PortugueseGuinea-Bissau
40%
PortugueseEquatorial Guinea
36%

Score Distribution

Percentile by Number Answered

Percent of People with Each Score

Your Score History

You have not taken this quiz since the last reset